Report Open Access
Wetzels, Peter; Richter, Thomas; Kleinschnittger, Janosch; Farren, Diego; Brettfeld, Katrin
<?xml version='1.0' encoding='UTF-8'?>
<record xmlns="http://www.loc.gov/MARC21/slim">
<leader>00000nam##2200000uu#4500</leader>
<datafield tag="542" ind1=" " ind2=" ">
<subfield code="l">open</subfield>
</datafield>
<datafield tag="700" ind1=" " ind2=" ">
<subfield code="a">Richter, Thomas</subfield>
<subfield code="u">German Institute for Global and Area Studie, (GIGA) Hamburgs</subfield>
</datafield>
<datafield tag="700" ind1=" " ind2=" ">
<subfield code="a">Kleinschnittger, Janosch</subfield>
<subfield code="u">Universität Hamburg</subfield>
</datafield>
<datafield tag="700" ind1=" " ind2=" ">
<subfield code="a">Farren, Diego</subfield>
<subfield code="u">Universität Hamburg</subfield>
</datafield>
<datafield tag="700" ind1=" " ind2=" ">
<subfield code="a">Brettfeld, Katrin</subfield>
<subfield code="u">Universität Hamburg</subfield>
</datafield>
<datafield tag="540" ind1=" " ind2=" ">
<subfield code="u">https://creativecommons.org/licenses/by/4.0/legalcode</subfield>
<subfield code="a">Creative Commons Attribution 4.0 International</subfield>
</datafield>
<datafield tag="980" ind1=" " ind2=" ">
<subfield code="a">publication</subfield>
<subfield code="b">report</subfield>
</datafield>
<datafield tag="520" ind1=" " ind2=" ">
<subfield code="a"><p>Die Eskalation des Konflikts zwischen Israel und pal&auml;stinensischen Gruppierungen im Zuge des Gaza-Krieges seit dem 7. Oktober und dessen gravierende Folgen f&uuml;r die Zivilbe&shy;v&ouml;lkerung l&ouml;sten in Deutschland vehemente und recht unterschiedliche Reaktionen sowie erhebliche politische Kontroversen auf den verschiedensten Ebenen aus, die bis heute andauern. Diesbez&uuml;glich richten sich wichtige Fragen der sozialwissenschaftlichen Forschung unter anderem darauf, inwieweit die Entwicklungen im Zuge dieses Krieges in Gaza Auswirkungen auf Radikalisierungsph&auml;nomene und das politische Klima in Deutschland haben und wovon dies, ggfs. auch kurzfristig, beeinflusst werden kann. Im Rahmen des MOTRA-Forschungsverbundes werden derartige Fragen nach m&ouml;glichen Ausstrahlungswirkungen solcher internationaler Entwicklungen in der Studie &bdquo;Menschen in Deutschland: International&ldquo; (MiDInt) aufgegriffen, die gemeinsam vom Institut f&uuml;r Kriminologie an der Fakult&auml;t f&uuml;r Rechtswissenschaft an der Universit&auml;t Hamburg und dem Leibniz-Institut f&uuml;r Globale und Regionale Studien (GIGA) und Hamburg seit November 2022 mit regelm&auml;&szlig;ig wiederholten Studien im Trenddesign durchgef&uuml;hrt wird.</p>
<p>Im Folgenden werden die Durchf&uuml;hrung, das Erhebungsinstrument und die erreichte Stichprobe der 6. Welle der Studie &bdquo;Menschen in Deutschland: International&ldquo; (MiDInt) beschrieben, die im November 2023 stattfand. Daf&uuml;r wurde ein nach Alter, Geschlecht, Bildung und Wohnregion (West/Ost) quotierte Stichprobe aus einem Online-Access-Sample gezogen. Insgesamt wurden N=4054 Personen im Alter zwischen 18 und 69 Jahren erreicht und online befragt.</p>
<p>Es werden in diesem Bericht neben einer Beschreibung der Stichprobe auch die in der Befragung aufgegriffenen Themen und die verwendeten Messinstrumente im Einzelnen erl&auml;utert und beschrieben. Im Anhang findet sich das Erhebungsinstrument im Wortlaut sowie das Codebuch zum Datensatz, dem die Bezeichnungen der Variablen, deren genauen Inhalte und Codierungen entnommen werden k&ouml;nnen.</p></subfield>
</datafield>
<controlfield tag="005">20240823123233.0</controlfield>
<datafield tag="024" ind1=" " ind2=" ">
<subfield code="a">10.25592/uhhfdm.14819</subfield>
<subfield code="2">doi</subfield>
</datafield>
<datafield tag="260" ind1=" " ind2=" ">
<subfield code="c">2024-08-22</subfield>
</datafield>
<controlfield tag="001">14819</controlfield>
<datafield tag="650" ind1="1" ind2="7">
<subfield code="a">cc-by</subfield>
<subfield code="2">opendefinition.org</subfield>
</datafield>
<datafield tag="909" ind1="C" ind2="O">
<subfield code="o">oai:fdr.uni-hamburg.de:14819</subfield>
<subfield code="p">user-uhh</subfield>
</datafield>
<datafield tag="245" ind1=" " ind2=" ">
<subfield code="a">Menschen in Deutschland: International (MiDInt): Untersuchungsdesign, Stichprobe, Erhebungsinstrument und Codebuch zu Welle 6 (November 2023). MOTRA-UHH Forschungsbericht No. 14</subfield>
</datafield>
<datafield tag="773" ind1=" " ind2=" ">
<subfield code="a">10.25592/uhhfdm.14818</subfield>
<subfield code="i">isVersionOf</subfield>
<subfield code="n">doi</subfield>
</datafield>
<datafield tag="856" ind1="4" ind2=" ">
<subfield code="s">1113706</subfield>
<subfield code="u">https://www.fdr.uni-hamburg.de/record/14819/files/Forschungsbericht No 14_Onlinefassung.pdf</subfield>
<subfield code="z">md5:b44d712efc5ff7268e325a707f4d8fee</subfield>
</datafield>
<datafield tag="041" ind1=" " ind2=" ">
<subfield code="a">deu</subfield>
</datafield>
<datafield tag="653" ind1=" " ind2=" ">
<subfield code="a">MOTRA</subfield>
</datafield>
<datafield tag="653" ind1=" " ind2=" ">
<subfield code="a">Online Survey</subfield>
</datafield>
<datafield tag="653" ind1=" " ind2=" ">
<subfield code="a">Welle 6 November 2023</subfield>
</datafield>
<datafield tag="653" ind1=" " ind2=" ">
<subfield code="a">Methodenbericht</subfield>
</datafield>
<datafield tag="653" ind1=" " ind2=" ">
<subfield code="a">Erhebungsinstrument</subfield>
</datafield>
<datafield tag="653" ind1=" " ind2=" ">
<subfield code="a">Radikalisierung</subfield>
</datafield>
<datafield tag="653" ind1=" " ind2=" ">
<subfield code="a">Antisemitismus</subfield>
</datafield>
<datafield tag="100" ind1=" " ind2=" ">
<subfield code="a">Wetzels, Peter</subfield>
<subfield code="u">Universität Hamburg</subfield>
</datafield>
<datafield tag="980" ind1=" " ind2=" ">
<subfield code="a">user-uhh</subfield>
</datafield>
</record>